000 00913nam a22002777a 4500
001 0206684020
003 DO-SdBNP
005 20180216083359.0
007 0206684020
008 161206b 1992 cu a ||||| |||| 00| 0 spa d
020 _a959080005X
040 _aBPMSU
_bspa
_cBPMSU
082 _axxxx
_bxxxx
100 1 _aRodríguez, Antonio Orlando
245 1 0 _aLos caminantes, camina caminos /
_cAntonio Orlando Rodríguez ; ilustraciones Enrique Martínez Blanco.
260 _aCiudad de La Habana :
_bGente Nueva,
_c1992.
300 _a63 p. :
_bil. ;
_c24 cm.
490 1 _aBiblioteca escolar.
650 _aCuentos infantiles, cubanos.
650 _a Literatura infantil cubana - Cuentos - Siglo XX.
700 1 2 _aMartínez Blanco, Enrique,
_eil.
830 0 _aBiblioteca escolar.
942 _2ddc
_cBK
945 _ainventariado, 2018 / dg
956 _2LOPEREZ
_310
_620161206
_8BPMSU
_a00041
999 _c12324
_d12324